Deutsche Torschützen bei der EM 2024 - Statistiken

Allgemein
  • Dieses Quiz wurde 956 mal gespielt
  • Das Durchschnittsergebnis liegt bei 10 aus 11
Antwortstatistiken
Gegner Spieler % Korrekt
Schottland Florian Wirtz
97%
Spanien Florian Wirtz
97%
Schottland Jamal Musiala
97%
Ungarn Jamal Musiala
97%
Dänemark Jamal Musiala
97%
Schottland Niclas Füllkrug
95%
Schweiz Niclas Füllkrug
95%
Schottland Kai Havertz
83%
Dänemark Kai Havertz
83%
Ungarn İlkay Gündoğan
69%
Schottland Emre Can
68%
Keine übereinstimmenden Quizze gefunden
Verteilung der Resultate
Anzahl Personen mit jedem Resultat
Perzentil nach korrekt beantworteten Fragen
Ihre Resultats-Entwicklung
Sie haben dieses Quiz noch nicht gespielt